| 000 | 00376nam a2200145Ia 4500 | ||
|---|---|---|---|
| 008 | 230312s9999||||xx |||||||||||||| ||und|| | ||
| 020 | _a1-9049-3105-7 | ||
| 082 |
_a720.19 _bHOH-O |
||
| 100 | _aHohler; Fred | ||
| 245 | 0 | _aOil Painting on Public Ownership in West Sussex | |
| 260 |
_bPublic Catalogue _aLondon _c2005 |
||
| 300 | _a184 | ||
| 650 | _aArchitecture | ||
| 942 | _cBK | ||
| 999 |
_c11608 _d11608 |
||